| 000 | 01553cam a22003977a 4500 | ||
|---|---|---|---|
| 003 | CHAP | ||
| 005 | 20220817044045.0 | ||
| 008 | 051024d2004 mx abd r 00110 spa d | ||
| 010 | _a91186 | ||
| 011 | _a92158 | ||
| 035 | _a102721 | ||
| 040 | _cCHAP | ||
| 090 | _aTesis | ||
| 100 | 0 | 0 |
_aSolorio Rodríguez, Ignacio. _9108514 |
| 245 | 1 | 0 |
_aCultivo de frijol tépari Phaseolus acutifolius var, latifolius asociado a un sistema de manejo agroforestal de mezquite Prosopis glandulosa en Tlahualilo, Dgo. _c/por Ignacio Solorio Rodríguez |
| 260 |
_aBermejillo, Dgo. : _bEl autor, _c2004 |
||
| 300 |
_a117 h. : _bilus. ; gráfs. ; mapas ; cuadros |
||
| 502 | _aTesis (M. C. en Recursos Naturales y Medio Ambiente en Zonas Áridas) -- UACH. Unidad Regional Universitaria de Zonas Áridas | ||
| 590 |
_aALEPH _b10 _c20130110 _lUCH01 _h1507 |
||
| 590 |
_aBATCH-UPD _b10 _c20130110 _lUCH01 _h0333 |
||
| 590 |
_aBATCH-UPD _b10 _c20130110 _lUCH01 _h1837 |
||
| 590 |
_aBATCH-UPD _b10 _c20130410 _lUCH01 _h0006 |
||
| 590 |
_aBATCH-UPD _b10 _c20130914 _lUCH01 _h1122 |
||
| 590 |
_aCONVERSION _b10 _c20130109 _lUCH01 _h1350 |
||
| 650 | 1 | 4 |
_aCultivos asociados. _930370 |
| 650 | 1 | 4 |
_aCultivos _xDurango. _930252 |
| 650 | 1 | 4 |
_aFrijol. _943319 |
| 650 | 1 | 4 |
_aMezquite. _975366 |
| 650 | 1 | 4 | _aPhaseolus acutifolius. |
| 650 | 1 | 4 |
_aProsopis. _992429 |
| 901 | _aBK | ||
| 905 | _aMaeco A. Mendoza T. | ||
| 942 | _cFOLL | ||
| 949 |
_aTesis _bBC _cTES _d1027211 _eTS1 _gDonaciØn _h44221 _i102721 _sb |
||
| 949 |
_aTesis _bBC _cTES _d33724000966974 _eTS2 _fc.2 _gDonaciØn _h44222 _i102721 _sb |
||
| 999 |
_c91186 _d91186 |
||